EA FC25 TOTS Premier League - Statistics

General Stats
  • This quiz has been taken 217 times
  • The average score is 24 of 37
Answer Stats
Rate Club Nation Answer % Correct
96 Man City Norway Erling Haaland
100%
97 Liverpool Egypt Mohamed Salah
100%
97 Liverpool Netherlands Virgil van Dijk
99%
96 Newcastle Sweden Alexander Isak
98%
95 Chelsea England Cole Palmer
93%
96 Arsenal England Declan Rice
93%
95 Arsenal Brazil Gabriel
93%
95 Arsenal France William Saliba
91%
93 Arsenal England Bukayo Saka
89%
94 Man United Portugal Bruno Fernandes
85%
95 Liverpool Netherlands Ryan Gravenberch
81%
94 Liverpool Argentina Alexis Mac Allister
79%
94 Wolves Brazil Matheus Cunha
76%
93 Chelsea Ecuador Moises Caicedo
73%
94 Bournemouth Hungary Milos Kerkez
72%
93 Newcastle Brazil Bruno Guimaraes
71%
93 Nottingham New Zealand Chris Wood
70%
94 Liverpool England Trent Alexander-Arnold
68%
92 Arsenal Spain David Raya
67%
92 Brighton Japan Kaoru Mitoma
67%
92 Brentford Cameroon Bryan Mbeumo
61%
94 Nottingham Belgium Matz Sels
60%
92 Fulham USA Antonee Robinson
59%
92 Nottingham England Morgan Gibbs-White
53%
91 Crystal Palace France Jean-Philippe Mateta
50%
94 Newcastle England Dan Burn
49%
92 Nottingham Serbia Nikola Milenkovic
48%
90 Aston Villa Belgium Youri Tielemans
48%
91 Nottingham Sweden Anthony Elanga
46%
94 Aston Villa England Morgan Rogers
45%
94 Arsenal England Myles Lewis-Skelly
41%
90 Brentford DR Congo Yoane Wissa
39%
92 Nottingham Nigeria Ola Aina
32%
90 Bournemouth Netherlands Justin Kluivert
31%
93 Newcastle England Jacob Murphy
30%
91 Everton England James Tarkowski
28%
90 Brentford Denmark Mikkel Damsgaard
28%
No matching quizzes found
Score Distribution
Percent of People with Each Score
Percentile by Number Answered
Your Score History
You have not taken this quiz